Statistics for Name the N64 Game

Click here to take the quiz!

General Stats

  • This quiz has been taken 31 times
  • The average score is 14 of 20

Answer Stats

DescriptionGame% Correct
Play as James Bond trying to stop a satellite from
firing and a rogue 00 agent
Goldeneye 007
100%
Mario enters Peach's castle to collect the power
stars and defeat bowser, in 3D
Super Mario 64
96%
Mario and friends play on a board map and roll dice
to move. Many mini games to play.
Mario Party
88%
Defeat the evil Andross and Star Wolf to defend the
Lylat system from invasion in this space shooter
Star Fox 64
84%
Fight your friends on stages resembling areas
from the characters video game franchises
Super Smash Bros
84%
Rescue Zelda from the clutches of Ganondorf in the
first 3D adventure in the series
The Legend of Zelda: Ocarina of Time
84%
A bear and a bird try to rescue the bear's sister
Tooty from the evil witch Gruntilda by collecting
jiggies in this platformer
Banjo-Kazooie
80%
Race on an island as Donkey Kong's sidekick and
his friends to stop Wizpig from taking over
Diddy Kong Racing
80%
Don't capture Pokémon, take pictures of them!
Maybe even one of the mysterious Mew
Pokémon Snap
80%
Stop the moon from destroying Termina in this direct sequel
to Link's first 3D adventure
The Legend of Zelda: Majora's Mask
72%
OOH Gold Banana! Play as DK and friends to
retrieve the golden banana hoard and stop King K. Rool
Donkey Kong 64
64%
Battle your Pokémon in 3D for the first time! Take on
the gym leaders and elite four or your friends
Pokémon Stadium
60%
Shoot dinosaurs as an ancient tribal warrior to gather the
8 pieces of the Chronoscepter
Turok: Dinosaur Hunter
60%
Platform as a wisecracking squirrel trying to get home
to his girlfriend
Conker's Bad Fur Day
56%
A spiritual successor to another shooter on this list, you
must stop the dataDYNE company in this game with
deathmatch games
Perfect Dark
56%
Race on Jet Skis over the waterWave Race 64
56%
Race as Cpt. Falcon for a sequel game on the N64F-Zero X
52%
Plant and harvest your crops to restore your grandfather's
farm in this peaceful sequel on the N64
Harvest Moon 64
44%
Control Luke Skywalker and an elite group of X-Wing pilots
in a fight against the Empire
Star Wars: Rogue Squadron
40%
Race or trick down the slopes using one of five playable
characters. Includes board balance and damage mechanics
1080 Snowboarding
20%

Score Distribution

Percentile by Number Answered

Percent of People with Each Score

Your Score History

You have not taken this quiz